Dôvodová správa k zákonu o vysielaní a retransmisii

Úplné znenie dôvodovej správy k zákonu o vysielaní a retransmisii.

Guardado en:
Detalles Bibliográficos
Formato: Capítulo de libro
Lenguaje:eslovaco
Materias:
Etiquetas: Agregar Etiqueta
Sin Etiquetas, Sea el primero en etiquetar este registro!

MARC

LEADER 00000naa a2200000 4500
001 r039765
005 20230926083418.0
041 0 |a slo 
044 |a SK 
245 1 0 |a Dôvodová správa k zákonu o vysielaní a retransmisii 
520 |a Úplné znenie dôvodovej správy k zákonu o vysielaní a retransmisii. 
610 2 0 |a televízia 
610 2 0 |a rozhlas 
610 2 0 |a telekomunikácie 
610 2 0 |a médiá 
610 2 0 |a zákony 
610 2 0 |a správy dôvodové 
610 2 0 |a Slovensko 
610 2 0 |a 2000